History Quiz

Random History or College Quiz

Most Lifetime All-Time Electoral College Votes Quiz Stats

 Plays Quiz not verified by Sporcle

Also try: In Memoriam: 2010
Challenge
Share
Tweet
Embed
Score 0/35 Timer 06:00
0 Plays Today
Total Electoral Votes Person % Correct
2,003Franklin D. Roosevelt
98.3%
1,015Ronald Reagan
96.4%
1,939Richard Nixon
96%
716Theodore Roosevelt
95%
1,608George H.W. Bush
94.4%
557George W. Bush
93.7%
749Bill Clinton
90.4%
789Lyndon Johnson
88.4%
889Dwight D. Eisenhower
88.1%
712Woodrow Wilson
82.2%
735Harry S. Truman
81.2%
664Grover Cleveland
81.2%
786Calvin Coolidge
75.9%
1,015Al Gore
74.9%
500Ulysses S. Grant
72.6%
503Herbert Hoover
71%
404Warren Harding
66%
432Adlai Stevenson
65.7%
Total Electoral Votes Person % Correct
563William McKinley
63.7%
509Andrew Jackson
62.4%
493William Jennings Bryan
62.4%
821Spiro Agnew
60.7%
400Robert Dole
57.4%
417James Monroe
53.5%
594Dan Quayle
53.1%
428Martin Van Buren
51.5%
557Dick Cheney
50.2%
995John Nance Garner
45.9%
449Henry A. Wallace
45.2%
677Hubert H. Humphrey
42.2%
503Charles Curtis
37%
401Daniel D. Tompkins
33.7%
590Charles W. Fairbanks
33.3%
712Thomas R Marshall
31.7%
445Thomas A. Hendricks
24.4%

You're not logged in!

Compare scores with friends on all Sporcle quizzes.
Join for Free
OR
Log In

You Might Also Like...

Show Comments

Extras

Top Quizzes Today


Score Distribution

Your Account Isn't Verified!

In order to create a playlist on Sporcle, you need to verify the email address you used during registration. Go to your Sporcle Settings to finish the process.

Report this User

Report this user for behavior that violates our Community Guidelines.

Details: